000 002940000a22001090004500
090 _aAS
_bSeriadas
245 1 0 _aApuntes botánicos, III
041 0 _aEspañol
100 1 _aRomero Castañeda, Rafael
_98613
942 _cARTICULO
773 1 _tMutisia: Acta Botánica Colombiana
_3893
_h33
_q1-20
_d1970
999 _c15310
_d15310